The design of reinforced concrete structures
Salvato in:
| Autore principale: | |
|---|---|
| Natura: | Libro |
| Pubblicazione: |
New York, New York : J. Wiley
1946
|
| Edizione: | 2 |
| Soggetti: | |
| Tags: |
Aggiungi Tag
Nessun Tag, puoi essere il primo ad aggiungerne!!
|
MARC
| LEADER | 00000nam a2200000Ia 4500 | ||
|---|---|---|---|
| 003 | 000302 | ||
| 005 | 20221231144005.0 | ||
| 008 | 140114s1953 u a 000 ||e d | ||
| 040 | |c cru CEDI | ||
| 082 | |a 693.5 P351d2 | ||
| 100 | |a Peabody, Dean , Jr |9 18402 | ||
| 245 | |a The design of reinforced concrete structures | ||
| 250 | |a 2 | ||
| 260 | |a New York, New York : J. Wiley |c 1946 | ||
| 300 | |a xi, 532 páginas, diagramas, plans | ||
| 650 | |x HORMIGON |9 18403 | ||
| 942 | |2 ddc |c BK | ||
| 999 | |c 15280 |d 15280 | ||
